00512nam a2200181 a 450000100060000000300090000600800410001502000150005604000280007108200090009910000180010824500570012626000310018330000080021449000280022250000410025065000390029121569CO-ViMGA141112s2004 ck r 000 u spa d a9580464855 aCO-ViMGAbspacCO-ViMGA04aWARc1 aWarner, Sally10aCómo ser una persona de verdad ( en un solo día) aBogotá : bNorma, c2002 a164 aTorre de papel amarilla aA partir de 11 años en adelante. 14aCUENTOS INFANTILES ESTADOUNIDENSES